Personnage de Game of Thrones #3 - Statistiques

Statistiques générales
  • Ce quiz a été pris 175 fois
  • Le résultat moyen est 12 sur 16
Statistiques - réponses
Par images Réponse % Correct
Robert Baratheon
96%
Petyr Baelish
93%
Samwell Tarly
85%
Stannis Baratheon
85%
Davos Mervault
84%
Ramsay Snow
84%
Podrick Payne
82%
Tommen Baratheon
82%
Gregor Clegane
80%
Renly Baratheon
78%
Loras Tyrell
74%
Tormund Fléau-d'Ogres
74%
Daario Naharis
61%
Ser Barristan Selmy
61%
Jaqen H'ghar
59%
Edmure Tully
46%
Aucun quiz correspondant
Distribution des résultats
% des personnes avec chaque résultat
Percentile par nombre de réponses
Votre historique - résultats
Vous n’avez pas pris ce quiz